Learning Resource and Development

Geometry of numbers. (Record no. 3612)

MARC details
000 -LEADER
fixed length control field 00581nam a22002057a 4500
005 - DATE AND TIME OF LATEST TRANSACTION
control field 20230512221854.0
008 - FIXED-LENGTH DATA ELEMENTS--GENERAL INFORMATION
fixed length control field 180423t xxu||||| |||| 00| 0 eng d
020 ## - INTERNATIONAL STANDARD BOOK NUMBER
International Standard Book Number 9781682503027
040 ## - CATALOGING SOURCE
Transcribing agency CSPC
082 0# - DEWEY DECIMAL CLASSIFICATION NUMBER
Classification number 512.75
Item number G292
245 00 - TITLE STATEMENT
Title Geometry of numbers.
260 ## - PUBLICATION, DISTRIBUTION, ETC.
Place of publication, distribution, etc. New York :
Name of publisher, distributor, etc. Magnum Publishing.
Date of publication, distribution, etc. 2016.
300 ## - PHYSICAL DESCRIPTION
Extent 182 pages :
Other physical details figures, graphs ;
Dimensions 29 cm.
500 ## - GENERAL NOTE
General note Includes Index.
650 10 - SUBJECT ADDED ENTRY--TOPICAL TERM
Topical term or geographic name entry element Geometry of numbers.
940 ## - EQUIVALENCE OR CROSS-REFERENCE--UNIFORM TITLE [OBSOLETE] [CAN/MARC only]
Uniform title <a href="M">M</a>
942 ## - ADDED ENTRY ELEMENTS (KOHA)
Koha item type
-- CIR 512.75 G292 2016
Holdings
Withdrawn status Lost status Damaged status Not for loan Home library Current library Shelving location Date acquired Total Checkouts Full call number Barcode Date last seen Copy number Price effective from Koha item type
        Main Library Main Library Circulation Section 05/12/2023   CIR 512.75 G292 2016 018000 05/12/2023 1 05/12/2023 Books